Non-JetPunk Countries Recognized by the CIA - Statistics

General Stats
  • This quiz has been taken 1,338 times
  • The average score is 24 of 64
Answer Stats
Sovereign Country Answer % Correct
United States Puerto Rico
76%
Denmark Greenland
74%
United States Guam
73%
United Kingdom Isle of Man
73%
Palestine/Israel Gaza Strip
69%
United States Virgin Islands
69%
Netherlands Aruba
68%
China Hong Kong
67%
Denmark Faroe Islands
66%
United Kingdom Jersey
65%
United Kingdom Guernsey
63%
Netherlands Curacao
61%
China Macau
60%
United Kingdom Falkland Islands
59%
Norway Svalbard
58%
United States American Samoa
57%
Palestine/Israel West Bank
57%
Australia Christmas Island
56%
United Kingdom Bermuda
55%
United Kingdom Gibraltar
55%
France Saint Martin
53%
New Zealand Cook Islands
52%
United Kingdom British Virgin Islands
49%
France French Polynesia
49%
United Kingdom Cayman Islands
47%
New Zealand Niue
47%
France New Caledonia
46%
United Kingdom Anguilla
43%
United States Northern Mariana Islands
43%
United Kingdom Montserrat
42%
United Kingdom Saint Helena, Ascension, and Tristan da Cunha
40%
Netherlands Sint Maarten
37%
France Saint Pierre and Miquelon
36%
United Kingdom Pitcairn Islands
35%
United Kingdom Turks and Caicos Islands
35%
Australia Norfolk Island
31%
France Saint Barthelemy
29%
New Zealand Tokelau
28%
France Wallis and Futuna
28%
Australia Cocos (Keeling) Islands
26%
Norway Jan Mayen
26%
United Kingdom British Indian Ocean Territory
25%
United Kingdom South Georgia and the South Sandwich Islands
25%
N/A Antarctica
23%
United States Midway Islands
21%
United Kingdom Akrotiri
20%
Norway Bouvet Island
16%
United Kingdom Dhekelia
15%
China/Taiwan/Vietnam Spratly Islands
14%
United States Wake Island
13%
France French Southern and Antarctic Lands
12%
United States Johnston Atoll
10%
United States Baker Island
9%
United States Jarvis Island
9%
France Clipperton Island
8%
Australia Heard and McDonald Islands
8%
United States Howland Island
8%
United States Palmyra Atoll
8%
Australia Coral Sea Islands
7%
United States Kingman Reef
7%
United States Navassa Island
7%
Australia Ashmore and Cartier Islands
6%
China Paracel Islands
5%
United States United States Pacific Island Wildlife Refuges
4%
No matching quizzes found
Score Distribution
Percent of People with Each Score
Percentile by Number Answered
Your Score History
You have not taken this quiz